00000000nam##2200000za#4500
0019.587652
003CaOODSP
00520210624194733
007cr |||||||||||
008150406|2008||||xxc|||||o    f|0| 0 fre|d
022 |a1701-1280
040 |aCaOODSP|bfre
041 |aeng
041 |afre
043 |an-cn---
0861 |aFs70-4/2008-027-PDF
1101 |aCanada. |bMinistère des pêches et des océans.
24510|aCinquième réunion du Groupe canadien de travail scientifique sur l'anguille : |h[ressource électronique]|bdu 9 au 11 octobre 2007, Montréal / |c[par] David Cairns ... [et al.].
260 |aOttawa - Ontario : |bPêches et Océans Canada |cJanvier 2009.
300 |a66p.|btableaux
4901 |aSecrétariat canadien de consultation scientifique, série des comptes rendus|x1701-1280|v2008/027
590 |a11-31-Supp|b2011-12-13
7201 |aCairns, David
791 |tFifth meeting of the Canadian eel science working group : |eeng|w(CaOODSP)9.587651
830#0|aCompte rendu (Secrétariat canadien de consultation scientifique)|x1701-1280|v2008/027|w(CaOODSP)9.500508
85640|ahttp://publications.gc.ca|qPDF|s419 Ko|uhttps://publications.gc.ca/collections/collection_2011/mpo-dfo/Fs70-4-2008-027.pdf|y2008/027